Historia 1 : desde la prehistoria hasta los comienzos de la modernidad /
Guardado en:
| Autor Principal: | |
|---|---|
| Formato: | Libro |
| Publicado: |
Buenos Aires :
Troquel,
1980
|
| Edición: | 3a. ed. |
| Materias: | |
| Etiquetas: |
Agregar Etiqueta
Sin Etiquetas, Sea el primero en etiquetar este registro!
|
| LEADER | 01477nam a22003375a 4500 | ||
|---|---|---|---|
| 001 | CEM.cems003385 | ||
| 005 | 20110223090501.0 | ||
| 008 | 130507s1980##################000#0#####d | ||
| 003 | CEMS | ||
| 020 | |a 950166340X | ||
| 082 | 0 | 4 | |a 930 |
| 100 | 1 | |a Ibañez, José Cosmelli | |
| 245 | 1 | 0 | |a Historia 1 : |b desde la prehistoria hasta los comienzos de la modernidad / |c José Cosmelli Ibañez |
| 250 | |a 3a. ed. | ||
| 260 | |a Buenos Aires : |b Troquel, |c 1980 | ||
| 300 | |a 438 p. | ||
| 653 | |a Historia | ||
| 653 | |a Historia antigua | ||
| 653 | |a Historia medieval | ||
| 653 | |a Historia-1ero cbc | ||
| 859 | |a CEMS |b BIB. CEMS - 11 de abril |h 930 |i Ib1-2a3 |p 11779.83 |t Ej.5 |v I |3 I | ||
| 859 | |a CEMS |b BIB. CEMS - 11 de abril |h 930 |i Ib1-2a3 |p 11886.83 |t Ej.1 |v I |3 I | ||
| 859 | |a CEMS |b BIB. CEMS - 11 de abril |h 930 |i Ib1-2a3 |p 11887.83 |t Ej.2 |v I |3 I | ||
| 859 | |a CEMS |b BIB. CEMS - 11 de abril |h 930 |i Ib1-2a3 |p 11888.83 |t Ej.3 |v I |3 I | ||
| 859 | |a CEMS |b BIB. CEMS - 11 de abril |h 930 |i Ib1-2a3 |p 12474.83 |t Ej.6 |v I |3 I | ||
| 859 | |a CEMS |b BIB. CEMS - 11 de abril |h 930 |i Ib1-2a3 |p 12475.83 |t Ej.7 |v I |3 I | ||
| 859 | |a CEMS |b BIB. CEMS - 11 de abril |h 930 |i Ib1-2a3 |p 12476.83 |t Ej.8 |v I |3 I | ||
| 859 | |a CEMS |b BIB. CEMS - 11 de abril |h 930 |i Ib1-2a3 |p 13811.86 |t Ej.9 |v I |3 I | ||
| 859 | |a CEMS |b BIB. CEMS - 11 de abril |h 930 |i Ib1-2a3 |p 14331.86 |t Ej.10 |v I |3 I | ||
| 859 | |a CEMS |b BIB. CEMS - 11 de abril |h 930 |i Ib1-2a3 |p 15892.90 |t Ej.4 |v I |3 I | ||
| 859 | |a CEMS |b BIB. CEMS - 11 de abril |h 930 |i Ib1-2a3 |p 17140.93 |t Ej.11 |v I |3 I | ||
